|
|
|
|
| LEADER |
00000nab a2200000 a 4500 |
| 001 |
vtls010610933 |
| 003 |
SK-MaSNL |
| 005 |
20260318124153.0 |
| 008 |
140722c20140722xo d| | 000 0|2hun |
| 015 |
|
|
|a SNBRB2014/07
|
| 038 |
|
|
|a DSZK
|
| 040 |
|
|
|a DSZK
|b slo
|c DSZK
|e AACR2
|
| 041 |
0 |
|
|a hun
|
| 044 |
|
|
|a xo
|c SK
|
| 080 |
|
|
|a 796.332.093.42
|x (437.6)
|2 2001
|
| 100 |
1 |
|
|a Szabó, Zoltán
|4 aut
|9 308414
|
| 245 |
1 |
0 |
|a Penksa bravúrjai egy pontot értek
|c Szabó Zoltán
|
| 300 |
|
|
|b Fotogr.
|
| 610 |
2 |
7 |
|a FK DAC 1904 Dunajská Streda
|2 dszk
|9 117991
|
| 610 |
2 |
7 |
|a FC Spartak Trnava
|2 dszk
|9 167760
|
| 650 |
0 |
7 |
|a futbal
|x Fortuna liga
|x 2. kolo
|y sezóna 2014/2015
|2 dszk
|9 1276386
|
| 651 |
|
7 |
|a Dunajská Streda (Slovensko)
|2 SNKPHgeo
|9 17375
|
| 651 |
|
7 |
|a Trnava (Slovensko)
|2 SNKPHgeo
|9 19407
|
| 773 |
0 |
|
|t Új szó
|g Évf. 67, sz. 167 (2014.7.22), o. 14
|x 1335-7050
|
| 852 |
|
|
|a DSZK
|b KIS3GCP
|
| 958 |
|
|
|a HU
|
| 958 |
|
|
|a SK
|
| 999 |
|
|
|c 2532003
|d 2533933
|